Normal view
MARC view
Entry Personal Name
001 - CONTROL NUMBER
- control field: 40586
003 - CONTROL NUMBER IDENTIFIER
- control field: ARRUPE
005 - DATE AND TIME OF LATEST TRANSACTION
- control field: 20180314143333.0
008 - FIXED-LENGTH DATA ELEMENTS
- fixed length control field: 180314|| aca||aabn | a|a d
040 ## - CATALOGING SOURCE
- Original cataloging agency: ARRUPE
- Transcribing agency: ARRUPE
100 ## - HEADING--PERSONAL NAME
- Personal name: Scattergood, V. J.
670 ## - SOURCE DATA FOUND
- Source citation: Work cat.: (ARRUPE): Scattergood, V. J., Politics and poetry in the fifteenth century, 1971